| 000 | 00497nam a2200181Ia 4500 | ||
|---|---|---|---|
| 003 | OSt | ||
| 005 | 20220321104411.0 | ||
| 008 | 211109s9999||||xx |||||||||||||| ||und|| | ||
| 040 | _csbcl | ||
| 082 |
_a894.8121 _bSAC-S |
||
| 100 | _aSachidanandan, | ||
| 245 | 0 | _aSamakalina Bharathiya Kavitha | |
| 260 |
_bMalayalam Publications _aCalicut _c1989 |
||
| 300 | _a156p | ||
| 630 | _xGENERAL STACK | ||
| 650 |
_aMalayalam literature _vMalayalam poetry _xLiterature & rhetoricMalayalam |
||
| 942 | _cBOOK | ||
| 999 |
_c45139 _d45139 |
||